[Event "Titled Tuesday intern op 13th Feb Early"]
[Site "Chess.com INT"]
[Date "2024.02.13"]
[Round "2"]
[White "Hrbek, Stepan"]
[Black "Cagara, Paulina"]
[Result "1-0"]
[WhiteElo "2426"]
[BlackElo "2087"]
[PlyCount "101"]
[EventDate "2024.02.13"]
[EventType "swiss (blitz)"]
[EventRounds "11"]
[EventCountry "USA"]
[SourceTitle "CB08_2024"]
[SourceDate "2024.02.21"]
[SourceVersion "1"]
[SourceVersionDate "2024.02.21"]
[SourceQuality "1"]

1. e4 c6 2. Nf3 d5 3. d3 Bg4 4. h3 Bh5 5. Nbd2 e6 6. b3 Bb4 7. Bb2 Nf6 8. exd5 cxd5 9. Be2 Nc6 10. 0-0 0-0 11. a3 Bc5 12. c4 a5 13. d4 Bd6 14. Ne5 Bxe2 15. Qxe2 Rc8 16. Ndf3 Ne4 17. Nxc6 bxc6 18. Nd2 Nxd2 19. Qxd2 Qh4 20. Bc3 Rb8 21. Rfb1 a4 22. c5 Bf4 23. Qc2 axb3 24. Rxb3 Rxb3 25. Qxb3 Rb8 26. Bb4 h5 27. Rd1 Bc7 28. Qf3 Ra8 29. Rd3 Ba5 30. Kh2 Bxb4 31. axb4 Rb8 32. g3 Qe4 33. Qxe4 dxe4 34. Re3 f5 35. f3 Rxb4 36. fxe4 Rxd4 37. exf5 exf5 38. Re6 Rd2+ 39. Kg1 Rd3 40. Kf2 f4 41. gxf4 Rxh3 42. Rxc6 Rc3 43. Kg2 Kf7 44. Rc8 Ke7 45. c6 Kd6 46. Rg8 Kxc6 47. Rc8+ Kd5 48. Rxc3 Ke4 49. Rc5 h4 50. Rg5 Kxf4 51. Rxg7 1-0

[Event "SVK-chT 2324"]
[Site "Slovakia"]
[Date "2024.01.21"]
[Round "6.1"]
[White "Sahidi, Samir"]
[Black "Hrbek, Stepan"]
[Result "1-0"]
[WhiteElo "2464"]
[BlackElo "2415"]
[PlyCount "115"]
[EventDate "2023.11.04"]
[EventType "team-tourn"]
[EventRounds "11"]
[EventCountry "SVK"]
[SourceTitle "CB04_2024"]
[SourceDate "2023.10.16"]
[SourceVersion "1"]
[SourceVersionDate "2023.10.16"]
[SourceQuality "1"]
[WhiteTeam "Cebovce"]
[BlackTeam "Osuske"]
[WhiteTeamCountry "SVK"]
[BlackTeamCountry "SVK"]

1. d4 Nf6 2. c4 e6 3. Nf3 d5 4. Nc3 Bb4 5. e3 0-0 6. Qc2 c5 7. dxc5 Bxc5 8. a3 Be7 9. Bd2 a6 10. cxd5 exd5 11. Bd3 Nc6 12. Ne2 Bg4 13. Ned4 Rc8 14. Bc3 Nxd4 15. Nxd4 Bc5 16. Qb3 Ne4 17. Bxe4 dxe4 18. Qxb7 Bxd4 19. Bxd4 Qa5+ 20. b4 Qf5 21. 0-0 Rc2 22. Qe7 Rfc8 23. Qd6 Be2 24. Rfe1 R2c6 25. Qe5 Qxe5 26. Bxe5 Rc2 27. h3 Bd3 28. Bd4 R8c4 29. g4 f6 30. Kg2 Kf7 31. h4 Ke6 32. Kg3 Be2 33. Rab1 Bd3 34. g5 Ra2 35. Ra1 Rac2 36. Rg1 Kf5 37. Rab1 Ra2 38. Rbc1 Rac2 39. Rxc2 Rxc2 40. a4 Rc4 41. b5 Rxa4 42. b6 fxg5 43. hxg5 Rb4 44. Rc1 a5 45. Rc5+ Ke6 46. Rxa5 Rb1 47. Kf4 h5 48. g6 h4 49. Re5+ Kd6 50. Rh5 Rf1 51. Bxg7 Rxf2+ 52. Kg5 Rg2+ 53. Kh6 Rg4 54. Bf6 Kc6 55. Rxh4 Rg3 56. Bd4 Kb7 57. Rf4 Ka6 58. Rf7 1-0

[Event "Wch U20 60th"]
[Site "Mexico City"]
[Date "2023.09.28"]
[Round "7"]
[White "Makarian, Rudik"]
[Black "Hrbek, Stepan"]
[Result "1-0"]
[WhiteElo "2548"]
[BlackElo "2425"]
[PlyCount "59"]
[EventDate "2023.09.21"]
[EventType "swiss"]
[EventRounds "11"]
[EventCountry "MEX"]
[SourceTitle "EXT 2024"]
[Source "ChessBase"]
[SourceDate "2023.10.10"]
[SourceVersion "1"]
[SourceVersionDate "2023.10.10"]
[SourceQuality "1"]

1. d4 d5 2. c4 c6 3. Nf3 Nf6 4. g3 dxc4 5. Bg2 b5 6. 0-0 e6 7. Ne5 Bb7 8. b3 cxb3 9. Qxb3 Qxd4 10. Bf4 Be7 11. Nc3 Qb6 12. a4 b4 13. Nc4 Qa6 14. Bd6 Nd5 15. Bxe7 Kxe7 16. Nxd5+ cxd5 17. Qxb4+ Kd7 18. Rab1 Bc8 19. Ne5+ Ke8 20. Rfc1 Bd7 21. Qg4 g6 22. Bxd5 f5 23. Qd4 exd5 24. Nxd7 Nxd7 25. Qxh8+ Nf8 26. Rc7 Qxe2 27. Qg7 Qe6 28. Rcc1 Qd6 29. Re1+ Kd8 30. Qf7 1-0

[Event "Wch U20 60th"]
[Site "Mexico City"]
[Date "2023.09.22"]
[Round "3"]
[White "Hrbek, Stepan"]
[Black "Avila Pavas, Santiago"]
[Result "0-1"]
[WhiteElo "2425"]
[BlackElo "2510"]
[PlyCount "134"]
[EventDate "2023.09.21"]
[EventType "swiss"]
[EventRounds "11"]
[EventCountry "MEX"]
[SourceTitle "EXT 2024"]
[Source "ChessBase"]
[SourceDate "2023.10.10"]
[SourceVersion "1"]
[SourceVersionDate "2023.10.10"]
[SourceQuality "1"]

1. e4 c5 2. Nf3 d6 3. Bb5+ Bd7 4. Bxd7+ Qxd7 5. c4 Nc6 6. d4 cxd4 7. Nxd4 Nf6 8. Nc3 g6 9. f3 Bg7 10. Be3 0-0 11. 0-0 Rfc8 12. b3 a6 13. Qd3 Rab8 14. Nxc6 Qxc6 15. Rac1 Qc7 16. Ba7 Ra8 17. Bd4 Qd8 18. f4 b5 19. cxb5 e5 20. Be3 exf4 21. Bxf4 axb5 22. Qxb5 Ng4 23. Ne2 Rxa2 24. h3 Ne5 25. Rxc8 Qxc8 26. Rc1 Qa8 27. Nc3 Ra5 28. Qe2 Ra1 29. Kh2 Rxc1 30. Bxc1 Qa1 31. Qc2 Nd3 32. Qxd3 Be5+ 33. g3 Qxc1 34. Ne2 Qf1 35. Qe3 h5 36. h4 Kh7 37. Ng1 Qd1 38. Nf3 Qc2+ 39. Kh3 Qc8+ 40. Kg2 Qc2+ 41. Kh3 Bf6 42. Qf4 Kg7 43. Qxd6 Qxe4 44. Qd1 Qg4+ 45. Kg2 Bxh4 46. Qd4+ Qxd4 47. Nxd4 Bd8 48. Kh3 Bb6 49. Ne2 Kf6 50. g4 hxg4+ 51. Kxg4 Ke5 52. b4 Bd8 53. b5 f5+ 54. Kg3 g5 55. Nc3 Bc7 56. Na4 Kd4+ 57. Kg2 g4 58. b6 Bd6 59. b7 f4 60. Kf1 f3 61. Kf2 Bc7 62. Nb6 Ke4 63. Nc4 g3+ 64. Kf1 Bb8 65. Nb6 Ba7 66. b8Q Bxb8 67. Nc8 Be5 0-1

[Event "Skalica op-A"]
[Site "Skalica"]
[Date "2023.08.22"]
[Round "4"]
[White "Hrbek, Stepan"]
[Black "Korobov, Anton"]
[Result "1/2-1/2"]
[WhiteElo "2404"]
[BlackElo "2663"]
[PlyCount "36"]
[EventDate "2023.08.19"]
[EventType "swiss"]
[EventRounds "9"]
[EventCountry "SVK"]
[SourceTitle "CBM 215 Extra"]
[Source "ChessBase"]
[SourceDate "2023.09.30"]
[SourceVersion "1"]
[SourceVersionDate "2023.09.30"]
[SourceQuality "1"]

1. e4 c5 2. Nf3 e6 3. d4 cxd4 4. Nxd4 Nc6 5. Nc3 Qc7 6. Be2 a6 7. a3 Nf6 8. f4 d6 9. Be3 Be7 10. g4 d5 11. e5 Nd7 12. h4 b5 13. Qd2 Bb7 14. Nxc6 Qxc6 15. Bd4 Rc8 16. Qe3 Bc5 17. Rh3 Bxd4 18. Qxd4 Qb6 1/2-1/2

[Event "Titled Tuesday intern op 08th Aug Early"]
[Site "Chess.com INT"]
[Date "2023.08.08"]
[Round "7"]
[White "Hrbek, Stepan"]
[Black "Czerw, Dawid"]
[Result "1-0"]
[WhiteElo "2404"]
[BlackElo "2400"]
[PlyCount "83"]
[EventDate "2023.08.08"]
[EventType "swiss (blitz)"]
[EventRounds "11"]
[EventCountry "USA"]
[SourceTitle "EXT 2024"]
[Source "ChessBase"]
[SourceDate "2023.10.10"]
[SourceVersion "1"]
[SourceVersionDate "2023.10.10"]
[SourceQuality "1"]

1. d4 Nf6 2. Nf3 g6 3. e3 Bg7 4. b3 0-0 5. Bb2 c5 6. dxc5 Qa5+ 7. c3 Qxc5 8. Ba3 Qb6 9. Bxe7 Re8 10. Ba3 Ne4 11. Bb2 Nxf2 12. Kxf2 Qxe3+ 13. Kg3 Be5+ 14. Kh3 d5+ 15. g4 h5 16. Kg2 hxg4 17. Nxe5 Rxe5 18. Qd4 Qf3+ 19. Kg1 Nc6 20. Qf2 Qd1 21. Na3 Qf3 22. Qxf3 gxf3 23. Kf2 Bg4 24. h3 Bh5 25. Re1 Rae8 26. Rxe5 Nxe5 27. Nc2 Nd7 28. Nd4 Nf6 29. Nxf3 Ne4+ 30. Kg2 Nc5 31. Bb5 Re3 32. Nd4 a6 33. Kf2 Re7 34. Be2 b6 35. Bxh5 Ne4+ 36. Kg2 gxh5 37. Re1 Rc7 38. Re3 Kg7 39. Ba3 Kh6 40. c4 f6 41. cxd5 Rc2+ 42. Nxc2 1-0

[Event "Titled Tuesday intern op 08th Aug Early"]
[Site "Chess.com INT"]
[Date "2023.08.08"]
[Round "8"]
[White "Vlassov, Nikolai"]
[Black "Hrbek, Stepan"]
[Result "1-0"]
[WhiteElo "2283"]
[BlackElo "2404"]
[PlyCount "73"]
[EventDate "2023.08.08"]
[EventType "swiss (blitz)"]
[EventRounds "11"]
[EventCountry "USA"]
[SourceTitle "EXT 2024"]
[Source "ChessBase"]
[SourceDate "2023.10.10"]
[SourceVersion "1"]
[SourceVersionDate "2023.10.10"]
[SourceQuality "1"]

1. e4 c5 2. c3 Nf6 3. e5 Nd5 4. d4 cxd4 5. cxd4 d6 6. Bc4 Nb6 7. Bb3 dxe5 8. Qh5 Qd7 9. Qxf7+ Kd8 10. dxe5 e6 11. Bg5+ Kc7 12. Bxe6 Bb4+ 13. Nc3 Qxf7 14. Bxf7 Rf8 15. Bb3 Nc6 16. f4 h6 17. Bh4 Rxf4 18. Bg3 Re4+ 19. Nge2 Bxc3+ 20. bxc3 Bg4 21. Bd1 Rd8 22. 0-0 Bxe2 23. Rf7+ Kc8 24. Bc2 Bd3 25. Bb3 Bc4 26. e6 Nd5 27. Bc2 Re2 28. Bf5 Nce7 29. Bg4 Rc2 30. Rxg7 Rxc3 31. Bh4 Re8 32. Bh5 Nf5 33. Bxe8 Nxg7 34. Bd7+ Kc7 35. Re1 Nf5 36. Bf6 Nxf6 37. g4 1-0

[Event "Titled Tuesday intern op 01st Aug Early"]
[Site "Chess.com INT"]
[Date "2023.08.01"]
[Round "3"]
[White "Hrbek, Stepan"]
[Black "Floresvillar Gonzalez, Luis Miguel"]
[Result "1/2-1/2"]
[WhiteElo "2404"]
[BlackElo "2019"]
[PlyCount "115"]
[EventDate "2023.08.01"]
[EventType "swiss (blitz)"]
[EventRounds "11"]
[EventCountry "USA"]
[SourceTitle "EXT 2024"]
[Source "ChessBase"]
[SourceDate "2023.10.10"]
[SourceVersion "1"]
[SourceVersionDate "2023.10.10"]
[SourceQuality "1"]

1. e4 c6 2. d4 d5 3. exd5 cxd5 4. Bd3 Nc6 5. c3 Qc7 6. h3 Nf6 7. Nf3 g6 8. 0-0 Bg7 9. Be3 Ne4 10. c4 Nf6 11. Nc3 dxc4 12. Bxc4 0-0 13. Qe2 e6 14. Rac1 a6 15. Rfd1 Rd8 16. d5 exd5 17. Nxd5 Nxd5 18. Bxd5 Bd7 19. Qc4 Be8 20. Nd4 Qd6 21. Nxc6 bxc6 22. Bxf7+ Bxf7 23. Rxd6 Bxc4 24. Rxd8+ Rxd8 25. Rxc4 Bxb2 26. Rxc6 a5 27. Rc4 Rd1+ 28. Kh2 Rd5 29. Rc5 Rxc5 30. Bxc5 a4 31. Kg3 Kf7 32. Kf3 Ke6 33. Ke4 h5 34. g4 hxg4 35. hxg4 Bc1 36. Bd4 Bd2 37. f4 Bc1 38. f5+ gxf5+ 39. gxf5+ Kf7 40. Kd3 Bf4 41. Kc4 Bd6 42. Kb5 a3 43. Bc5 Bxc5 44. Kxc5 Kf6 45. Kb4 Kxf5 46. Kxa3 Ke6 47. Kb4 Kd7 48. a3 Kc7 49. a4 Kb7 50. Kb3 Ka6 51. Ka3 Ka5 52. Kb2 Ka6 53. Ka2 Ka5 54. Ka3 Ka6 55. Kb3 Ka5 56. Ka3 Ka6 57. Kb3 Ka5 58. Ka3 1/2-1/2